बहुजन राजनीती का पतन (Record no. 31224)

MARC details
000 -LEADER
fixed length control field 00351nam a22001217a 4500
003 - CONTROL NUMBER IDENTIFIER
control field SGT
082 ## - DEWEY DECIMAL CLASSIFICATION NUMBER
Classification number 891.4309
Item number B17D
100 ## - MAIN ENTRY--PERSONAL NAME
Personal name दुसाध, एच. एल.
245 ## - TITLE STATEMENT
Title बहुजन राजनीती का पतन
260 ## - PUBLICATION, DISTRIBUTION, ETC. (IMPRINT)
Name of publisher, distributor, etc बहुजन डाइवर्सिटी मिशन
Year of Publication 2017
300 ## - PAGE DESCRIPTION
No. of Pages 168
942 ## - ADDED ENTRY ELEMENTS (KOHA)
Source of classification or shelving scheme Dewey Decimal Classification
Koha item type Books
Holdings
Withdrawn status Lost status Source of classification or shelving scheme Damaged status Not for loan Home library Current library Shelving location Date acquired SGTU Total Checkouts Full call number Accession No. (Barcode) Date last seen Bill Date Koha item type
    Dewey Decimal Classification   Not For Loan SGT Chancellor's Library SGT Chancellor's Library Reference Book 26/05/2025 SGTU   891.4309 B17D CH3362 26/05/2025 26/05/2025 Books